000 01374 a2200337 4500
090 _c10037
008 080731t xxu||||| |||| 00| 0 eng d
010 _a 96014335
020 _a0070614865 (alk. paper)
020 _a0071155511
040 _aDLC
_cDLC
_dDLC
043 _an-us---
050 0 0 _aHD60.5.U5
_bS8 1997
082 0 0 _a658.4
_222
_bSTE
100 1 _aSteiner, George Albert
_d1912-
245 1 0 _aBusiness, government, and society :
_ba managerial perspective : text and cases /
_cGeorge A. Steiner, John F. Steiner.
250 _a8th ed.
260 _aNew York :
_bMcGraw-Hill,1997
_cc1997.
300 _axx, 668 p. :
_bill. ;
_c24 cm.
440 0 _aMcGraw-Hill series in management
500 _aDistributer: Al-Ahram.
504 _aIncludes bibliographical references and index.
511 _aCatalogued by: Sara
650 0 _aIndustries
_xSocial aspects
_zUnited States.
650 0 _aIndustrial policy
_zUnited States.
700 1 _aSteiner, John F.
942 _2ddc
_cNB
999 _c10037
_d10037